4303-大村市(長崎県)の駅 - Statistics

General Stats
  • This quiz has been taken 6 times
  • The average score is 4 of 7
Answer Stats
Answer % Correct
大村
100%
新大村
83%
大村車両基地
50%
諏訪
50%
岩松
50%
松原
33%
竹松
33%
No matching quizzes found
Score Distribution
Percent of People with Each Score
Percentile by Number Answered
Your Score History
You have not taken this quiz